1710 1174 1661 1111 1455 1768 1930 1951 1321 1393 1329 1412 1395 1381 1662 1938 1226 1405 1250 1101 1734 1790 1270 1159 1728 1106 1229 1356 1264 1143 1628 1299 1193 1742 1220 1148 1712 1616 1678 1573 1328 1461 1197 1181 1555 1389 1407 1037 1391 1043 1623 1565 1130 1316 1957 1213 1569 1842 1492 1228 1349 1230 1304 1356 1048 1306 1592 1005 1051 1530 1212 1292 1418 1547 1157 1959 1392 1262 1458 1391 1017 1177 1568 1331 1506 1627 1604 1499 1053 1934 1822 1717 1080 1910 1598 1044 1998 1225 1404 BCNSPRNW ULIB Ver.6.0+V

เปลี่ยนเป็นภาษาไทย

Change to English
 แสดงรายละเอียดบรรณานุกรม
  กลับหน้าหลัก

Brief Record : Get Marc (ISO 2709) : E-mail record : QR code < ปิดหน้าต่าง
LEADER : 00000nam 2200000uu 4500
001    13399122160
003     ULIB
008    130107s2554||||th 000 0 tha d
020    ^a9786165051347
060 04 ^aWG210^bน578ก
100 0  ^aนิตยา เพ็ญศิรินภา
245 10 ^aการเสริมพลังเพื่อการปรับเปลี่ยนพฤติกรรมเสี่ยงต่อโรคหัวใจและหลอดเลือด :^bแนวคิดและการปฏิบัติ /^cนิตยา เพ็ญศิรินภา
250    ^aพิมพ์ครั้งที่ 3
260    ^aกรุงเทพฯ :^bสาขาวิชาวิทยาศาสตร์สุขภาพมหาวิทยาลัยสุโขทัยธรรมาธิราช,^c2554
300    ^a[ก]-ฉ, 141, [1] หน้า :^bภาพประกอบ ;^c30 ซม.
505 0  ^a^tโรคหัวใจและหลอดเลือด และการป้องกัน - -^tแนวคิดการเสริมพลังกับการลดปัจจัยเสี่ยงต่อโรคหัวใจและหลอดเลือด - -^tทฤษฎีที่เกี่ยวข้องกับการพัฒนาพฤติกรรมสุขภาพและการเสริมพลังบุคคล - -^tการปฏิบัติในการวางแผน การจัดกิจกรรมและการประเมินผลโครงการเสริมพลังเพื่อการปรับเปลี่ยนพฤติกรรมเสี่ยงต่อโรคหัวใจและหลอดเลือด - -^tกรณีตัวอย่างการจัดกิจกรรมและโครงการปรับเปลี่ยนพฤติกรรมเสี่ยงต่อโรคหัวใจและหลอดเลือดตามแนวคิดการเสริมพลัง - -^tบทเรียนโครงการปรับเปลี่ยนพฤติกรรมของสถานบริการสาธารณสุข
650  4 ^aหัวใจ, โรค^xการป้องกันและควบคุม
650  4 ^aหลอดเลือดโคโรนารีย์, โรค^xการป้องกันและควบคุม
710 2  ^aมหาวิทยาลัยสุโขทัยธรรมาธิราช. ^bสาขาวิทยาศาสตร์สุขภาพ
856    ^a^z20120815133550_1158.pdf (Content)^uhttp://113.53.232.221:80/UlibM//_fulltext/5/13399121212/20121109104629_79.pdf
945    ^p270^l0^i19616
945    ^p270^l0^i19617
995    ^aกัณชพร
999    ^aใช้งานได้ทุกระบบ
รายการนี้ยังไม่มีแท็ก
คุณยังไม่ได้ล็อกอิน คุณสามารถมีกิจกรรมร่วมกับเว็บไซต์ได้ แต่ต้องล็อกอินก่อน ::
  ล็อกอิน

รายการสื่อสารสนเทศ

ลำดับที่ ประเภท เลขเรียก/บาร์โค้ด สถานที่ สถานะ
1. วิทยาศาสตร์การแพทย์ และสุขภาพ
วิทยาศาสตร์การแพทย์ และสุขภาพ
สถานะ=หนังสือเก่า
WG210 น578ก  
  Barcode: 19616
ห้องสมุดวิทยาเขตนครสวรรค์
►ส่วนจัดเก็บหนังสือเก่า นว.
บนชั้น
  ขอยืม
2. วิทยาศาสตร์การแพทย์ และสุขภาพ
วิทยาศาสตร์การแพทย์ และสุขภาพ
สถานะ=หนังสือเก่า
WG210 น578ก ฉ.2 
  Barcode: 19617
ห้องสมุดวิทยาเขตนครสวรรค์
►ส่วนจัดเก็บหนังสือเก่า นว.
บนชั้น
  ขอยืม

รายการใกล้เคียง
    ผู้แต่ง [นิตยา เพ็ญศิรินภา]

BibComment


ยังไม่เคยถูกคอมเมนท์

คอมเมนท์ทรัพยากรรายการนี้
  คอมเมนท์: การเสริมพลังเพื่..


 Copyright 2026. Bcnsprnw @Library